000 00510nam a22001932 4500
001 0000002739
005 20151217154335.0
008 070419s xx 000 0 eng d
020 _a0435989324 :
040 _aKABU
_cKABU
050 0 _aPR9265.9
_b.C73M56
100 1 _aCraig, Christine.
_@0000152241
245 1 0 _aMint tea and other stories.
260 _aLondon :
_bHeneman,
_c1993.
300 _a150 p.
908 _a070419
950 _@1
999 _c10620
_d10620